Statistics for Wonderwall Lyrics

Click here to take the quiz!

General Stats

  • This quiz has been taken 64,107 times
    (64,094 since last reset)
  • The average score is 19 of 24

Answer Stats

Lyrics% Correct
{Today} is gonna be the day
99%
{Today} was gonna be the day
99%
I don't believe that {anybody}
93%
you're my {wonderwall}
93%
{Feels} the way I do about you now
92%
And {after} {all}
86%
Like to say {to} {you}
86%
{Realized} what you gotta do
86%
I'm {sure} you've heard it all before
85%
You're gonna be the one
that {saves} {me}
85%
Because {maybe}
84%
But I don't {know} {how}
83%
By now you should've {somehow}
82%
And all the {roads}
81%
But you never really had a {doubt}
81%
There are {many} things
that I would
81%
that lead us there are {blinding}
80%
we have to walk are {winding}
79%
And all the {lights}
72%
That the {fire} {in} {your} heart is out
72%
That they're {gonna} {throw}
it back to you
70%
{Backbeat} the word is on the street
63%
But they'll {never} {throw}
it back to you
50%
Realized what you're {not} to do
48%

Score Distribution

Percentile by Number Answered

Percent of People with Each Score

Your Score History

You have not taken this quiz since the last reset